000 00388nam a2200169Ia 4500
005 20250923144525.0
008 008 250917s9999 xx 000 0 eng d
037 _aTextual
040 _aDSWL
_beng
_cDSWL
041 _aeng
_2eng
084 _qDSWL
245 0 _aInternational understanding
260 _c1953
300 _a200p.
942 _cTEXL
999 _c1440012
_d1440012